000 00218nam a22000857a 4500
008 160704b xxu||||| |||| 00| 0 eng d
100 _92000
_a Bangur, P
245 _aMehandi Designs
260 _aMumbai
_bNavneet Publications
999 _c1700
_d1700